Quizzes
Events
Quiz Creation
Community
Videos
Private Events
Remove Ads
Sign In
Join for FREE
Feedback
Dark Mode
Quiz Categories
Sports
Geography
Music
Movies
Television
Just For Fun
Miscellaneous
History
Literature
Language
Science
Gaming
Entertainment
Religion
Holiday
For Kids
Quiz Lab
Recent
Popular Today
Quiz Kudos Today
Editor Picks
Curator Picks
Quizzes by...
Day
Popularity
Type
Ratings
Length
Year
Community
Subscriptions
Recent Discussions
Orange Saloon
Badges
Playlists
Quests
Create
Leaderboards
Showdown
Live 5
Trivia Bingo
Activity
Puzzle Library
Sporcle Events
Private Events
Virtual Trivia
Globe League
Become a Host
Pub Owners
SporcleCon
Opinionation
Our Games
Videos
Blog
Mobile Apps
Partnerships
Remove Ads and Go Orange
Feedback
Science
Computer
Plants
Astronomy
Chemistry
Elements
Math
Animal
Physics
Anatomy
Biology
Geology
General Science
Science
Computer
Plants
Astronomy
Chemistry
Elements
Math
Animal
Physics
Anatomy
Biology
Geology
General Science
Random Quiz
Search Sporcle
×
Quiz Lab
Quiz Lab
Science
Elements
Type in answers that appear in a list
Type in answers that appear in a list
Classic
Best Score? Go Orange.
Periodic Table By Atomic Number Stats
Can you name the elements by atomic number?
By
trljjl03
15m
118 Questions
9,760 Plays
9,760 Plays
9,760 Plays
Comments
Comments
Give Quiz Kudos
Give Quiz Kudos
-
- Ratings
hide this ad
Forced Order
Answers have to be entered in order
Answers have to be entered in order
Random Order
Randomize order of answers
Randomize order of answers
Replay
Link that replays current quiz
Next Quiz
Link to next quiz in quiz playlist
You Got
0%
They Got
Avg Score
62%
Avg Friend Score
Upgrade to see
Score Distribution
Jump to the score distribution portion of the page
Score
0/118
Timer
15:00
3
Plays Today
Atomic Number
Element
% Correct
1
Hydrogen
79.3%
2
Helium
78.8%
3
Lithium
78.2%
6
Carbon
78%
8
Oxygen
77.6%
7
Nitrogen
77.2%
5
Boron
76.9%
4
Beryllium
76.9%
9
Fluorine
76%
10
Neon
75.8%
11
Sodium
75.2%
12
Magnesium
74.3%
13
Aluminum
74.1%
20
Calcium
73.4%
14
Silicon
73.3%
15
Phosphorus
73.3%
18
Argon
73.2%
16
Sulfur
72.8%
19
Potassium
72.7%
17
Chlorine
72.4%
21
Scandium
71.1%
26
Iron
70.9%
22
Titanium
70.7%
30
Zinc
70.4%
25
Manganese
70.4%
24
Chromium
70.3%
27
Cobalt
70.2%
29
Copper
69.7%
23
Vanadium
69.7%
28
Nickel
69.5%
31
Gallium
68.3%
32
Germanium
67.9%
33
Arsenic
67.9%
35
Bromine
67%
36
Krypton
67%
34
Selenium
65.8%
50
Tin
65.6%
40
Zirconium
64.9%
37
Rubidium
64.2%
47
Silver
64.2%
Atomic Number
Element
% Correct
39
Yttrium
63.7%
38
Strontium
63.4%
41
Niobium
63%
42
Molybdenum
62.7%
44
Ruthenium
62.5%
49
Indium
62.3%
45
Rhodium
62.2%
51
Antimony
61.9%
54
Xenon
61.7%
43
Technetium
61.7%
79
Gold
61.6%
80
Mercury
61.4%
48
Cadmium
61.3%
46
Palladium
61.2%
53
Iodine
61.1%
100
Fermium
60.6%
56
Barium
60.3%
99
Einsteinium
59.8%
92
Uranium
59.3%
55
Cesium
59.3%
60
Neodymium
59.3%
90
Thorium
59.3%
52
Tellurium
59.1%
74
Tungsten
58.8%
82
Lead
58.6%
57
Lanthanum
58.3%
78
Platinum
58.3%
101
Mendelevium
58.1%
95
Americium
58%
88
Radium
58%
98
Californium
57.8%
83
Bismuth
57.7%
94
Plutonium
57.7%
69
Thulium
57.6%
86
Radon
57.5%
58
Cerium
57.4%
102
Nobelium
57.4%
77
Iridium
57.3%
89
Actinium
57.3%
81
Thallium
57.2%
Atomic Number
Element
% Correct
59
Praseodymium
57.1%
70
Ytterbium
57.1%
103
Lawrencium
57%
87
Francium
56.9%
63
Europium
56.9%
96
Curium
56.7%
76
Osmium
56.6%
104
Rutherfordium
56.5%
75
Rhenium
56.5%
72
Hafnium
56.5%
93
Neptunium
56.4%
61
Promethium
56.4%
85
Astatine
56.4%
64
Gadolinium
56.4%
84
Polonium
56.3%
62
Samarium
56.2%
91
Protactinium
56.1%
97
Berkelium
56.1%
71
Lutetium
56%
105
Dubnium
56%
73
Tantalum
55.9%
65
Terbium
55.8%
66
Dysprosium
55.8%
108
Hassium
55.2%
106
Seaborgium
55.1%
68
Erbium
55%
67
Holmium
55%
111
Roentgenium
54.4%
112
Copernicium
54.3%
116
Livermorium
54.2%
107
Bohrium
54.2%
110
Darmstadtium
54.1%
109
Meitnerium
53.5%
114
Flerovium
52.6%
118
Ununoctium
48.1%
117
Ununseptium
47.1%
115
Ununpentium
46.5%
113
Ununtrium
45%
Quiz Playlist
Details
Report
Send in Message
Add To Playlist
Classic:
Type in answers that appear in a list
Forced Order:
Answers have to be entered in order
Random Order:
Randomize order of answers
Last Updated: Feb 19, 2017
Quiz Scoreboard
CHALLENGE
Sign Up to Join the Scoreboard
Show All
Scores
Hide
Comments
May contain spoilers
Recently Published
NBA Finals Game Top Scorers (2010s)
by flibbidy
Sports
5m
Guess the 'R' Things in 3 Words
by MSUKent
Miscellaneous
3m
Actor to Badly Drawn Movie III
by MoMosMoProblems
Movies
5m
More to Explore
Quiz From the Vault
Featured Blog Post
Where Does Lost Luggage Go?
hide this ad
You Might Also Like...
Tags
Elements Quiz
Numbers Quiz
atomic
Periodic Table
Table
Today's Top Quizzes in Science
Browse Science
hide this ad
Today's Top Quizzes in Elements
Browse Elements
Top Contributed Quizzes in Science
1
Trivia Jigsaw: Scientific Foursomes
2
The First 100 Digits of Pi
3
Trivia Jigsaw: Elements
4
Journey Through Space
5
'P' Natural World
6
Dashed Science
7
200 Digits of pi
8
'W' Natural World
9
Naming Acids
10
'V' Natural World
Explore More
Trending Topics
Kpop
NBA
Marvel
Crossword
Disney
Anime
Harry Potter
The Office
Soccer
WWE
Song
NFL
Pokémon
Puzzle
Country
hide this ad
More By:
trljjl03
Quiz
Plays
Rating
Category
Featured
Created
Periodic Table By Atomic Number
9,760
4.90
Science
Apr 14, 2010
Go to Creator's Profile
Score Distribution
Quiz Creator Spotlight
trljjl03
Follow
Send a Message
Quizzes Created
-
Created Quiz Play Count
-
More By This Creator
Popular Quizzes Today
1
Find the US States - No Outlines Minefield
2
Find the US States
3
The Countries of the World
4
10 Largest US States in Order
5
Find the Countries of Europe - No Outlines Minefield
6
US States
7
Guess the 'R' Things in 3 Words
8
NBA Finals Game Top Scorers (2010s)
More Science Quizzes
Get the Picture: Flora, Fauna, or Funga
Editor's Pick
Trending Quizzes
First Name TV: Leading Men
Match the Book to the Film II
First Name TV: Leading Women Drama
3-Word Movies in 1 Word II
Match the Book to the Film VI
Recently Updated
Women's Final Four Teams by Year
bhenderson79
Presidents Quartet II
eogle
Anything But Clue(do)
eogle
Anything But Oceanian Capitals
eogle
Anything But 7
eogle
Anything But Thing
eogle
Word Ladder: February 29
pecheneg
Song Title Questions
pecheneg
Women's NCAA Tournament #1 Seeds
pecheneg
Celebrity Mug Shots
pecheneg
Trending Topics
Harry Potter
Anime
Disney
Marvel
NBA
Crossword
Kpop
Soccer
NFL
Puzzle
The Office
Country
Song
WWE
Pokémon
Your Account Isn't Verified!
In order to create a playlist on Sporcle, you need to verify the email address you used during registration. Go to your
Sporcle Settings
to finish the process.
Report this User
Report this user for behavior that violates our
Community Guidelines
.
Details:
Send Report
Go to the Sporcle.com Mobile Site →
Comments